00775cam a2200253 a 45000010009000000050017000090080041000260200015000670200015000820400028000970820025001251000017001502450095001672600065002623000016003275000028003436500010003716500012003816500020003936500010004136500012004236500020004358560066004551223154920231124034024.0001115s1997 ja a b i001 0 eng d a9280809229 a8170366186 aMIAcMIAdGZMdZBLdDLC00a305.4/0954221bLEE.1 aDube, Leela.10aWomen and kinship :bperspectives on gender in South and South-East Asia /cby Leela Dube. aTokyo ;aNew York :bUnited Nations University Press,c1997. ax, 214 p. : a"UNUP-922"--T.p. verso. 0aWomen 0aKinship 0aGender identity 0aWomen 0aKinship 0aGender identity42uhttp://www.loc.gov/catdir/enhancements/fy1605/00708668-d.html